Grammatica Linguae Slovenicae, collatae cum proxime cognata Bohemica

Bibliographic Details
Main Author: Hattala, Martin, 1821-1903 (Author, Dedicator)
Other Authors: Lorber, František, 1837-1874 (Printer)
Format: Book
Language:Latin
Slovak
Czech
PhysicalDescription:XX, 178 strán 22 cm
Subjects:

MARC

LEADER 00000cam a2200000 4500
001 vtls001330645
003 SK-MaSNL
005 20260301114343.0
008 251112s1850 xo a f bf 01000 lat
015 |a SNBHFA 
035 |a SNK000283514 
040 |a SNK  |b slo  |c SNK  |e rda 
041 0 |a lat  |a slo  |a cze 
044 |a xo  |c SK 
072 7 |a 811.162.4  |x Slovenčina  |2 konspekt 
072 7 |a 81  |x Lingvistika. Jazyky  |2 konspekt 
072 7 |a 811.162.3  |x Čeština  |2 konspekt 
080 |a 811.162.4  |2 2011 
080 |a 81'36  |2 2011 
080 |a (035)  |2 2011 
080 |a 811.162.3  |2 2011 
100 1 |a Hattala, Martin,  |d 1821-1903  |4 aut  |4 dto  |9 115353 
245 1 0 |a Grammatica Linguae Slovenicae, collatae cum proxime cognata Bohemica  |c Auctore Martino Hattala, Archi-Dioecesis Strigoniensis Presbytero, Cooperatore Hodrusbányensi 
264 3 |a Schemnicii  |b Typis Francisci Lorber  |c 1850 
300 |a XX, 178 strán  |c 22 cm 
336 |a text  |b txt  |2 rdacontent 
337 |a bez média  |b n  |2 rdamedia 
338 |a zväzok  |b nc  |2 rdacarrier 
500 |a Linky, tabuľky 
504 |a Poznámky pod textom 
508 |a Predslov; dedikácia: Červeň, Tomáš 
546 |a Latinský text  |b Antikva  |b Kurzíva 
546 |a Slovenský text  |b Antikva  |b Kurzíva 
546 |a Český text  |b Antikva  |b Kurzíva 
561 |a Prov.: Peč.: Fedor Ruppeldt. evanj. farár Žilina. Slovensko - Štátna vedecká knižnica v Košiciach pracovisko v Prešove - Štátna vedecká knižnica Prešov  |5 SVKPO: A 52639 
561 |a Rukopisný provenienčný záznam na titulnom liste: A Beluš.  |5 SNK SC 81 D2 
561 |a Rukopisný provenienčný záznam na prednom prídoští: Z Knih A. H. Škultétyho.  |5 SNK SC 81 D3 
561 |a Rukopisný provenienčný záznam na titulnom liste: Štefan E. Lukáč.  |5 SNK SC 81 D4 
563 |a Väzba: pôvodná, lepenková.  |5 SNK SC 81 ; SC 81 D2 ; SC 81 D3 ; SC 81 D4 
650 0 7 |a slovenčina  |2 SNKPH  |9 1350 
650 0 7 |a čeština  |2 SNKPH  |9 1319 
650 0 7 |a gramatika  |2 SNKPH  |9 865 
655 7 |a príručky  |2 SNKPH  |9 74364 
700 1 |a Červeň, Tomáš,  |d 1793-1876  |4 hnr  |4 pat  |9 253581 
700 1 |a Lorber, František,  |d 1837-1874  |4 prt  |9 457706 
700 1 |a Beluš, A.  |4 sgn  |9 457707 
700 1 |a Škultéty, August Horislav,  |d 1819-1892  |4 fmo  |9 109730 
700 1 |a Lukáč, Štefan E.  |4 sgn  |9 457708 
752 |a Slovensko  |d Banská Štiavnica 
852 |a SVKPO  |c Historické fondy  |p A 52639, A 52639a, A 95323 
852 |a snk  |p SC 81 ; SC 81 D2 ; SC 81 D3 ; SC 81 D4 
958 |a ONDV 
958 |a DG 
999 |c 718059  |d 719989 
952 |a SNK  |b SNK  |y PREZ  |7 0  |p 17A0137482  |o snkSC 81  |i snk656/27  |0 0  |1 0  |4 0  |d 1998-05-12  |l 0  |r 2025-05-27 00:00:00  |w 2026-02-23 
952 |a SNK  |b SNK  |y PREZ  |7 0  |p 17A0151301  |o snkSC 81 D2  |i snkVIII. 3465/55  |z Rok: 1850  |0 0  |1 0  |4 0  |d 1998-07-22  |l 0  |r 2005-01-02 00:00:00  |w 2026-02-23 
952 |a SNK  |b SNK  |y PREZ  |7 0  |p 17A0478647  |o snkSC 81 D3  |i snkD 3020/61  |8 1  |z Rok: 1850  |0 0  |1 0  |4 0  |d 2005-07-19  |l 0  |r 2026-02-23 21:51:23  |w 2026-02-23 
952 |a SNK  |b SNK  |y PREZ  |7 0  |p 17A0478646  |o snkSC 81 D4  |i snkK 5047/71  |8 3  |z Rok: 1850  |0 0  |1 0  |4 0  |d 2005-07-19  |l 0  |r 2026-02-23 21:51:23  |w 2026-02-23 
952 |a SNKLM  |b SNKLM  |y NEVYP  |7 0  |o snklmMK 5442  |8 3  |0 0  |1 0  |4 0  |d 2006-10-30  |l 0  |r 2026-02-23 21:51:23  |w 2026-02-23